000 00378 a2200145 4500
001 74927
020 _a9781408288566
040 _cAnchieta - Colégio São Paulo
100 _aSchofield, Nicola
240 1 0 _aThe Jungle Book : Mogli Meets Baloo
_lpor
245 1 0 _aThe Jungle Book : Mogli Meets Baloo
300 _a15
650 4 _aLiteratura infantil em inglês
942 _cBK
999 _c74927
_d74927